[Event "Caplin British Online-ch Open 2020"]
[Site "Online"]
[Date "2020.12.23"]
[Round "3.13"]
[White "Evans, Harry G"]
[Black "Wille, Thomas"]
[Result "1-0"]
[WhiteElo "2053"]
[BlackElo "2048"]
[Annotator "TA"]
[PlyCount "75"]
[EventDate "2020.12.21"]
[EventType "swiss"]
[EventCountry "NET"]
[SourceTitle "playchess.com"]
[Source "ChessBase"]
[SourceQuality "1"]

{[%evp 15,75,20,55,0,0,0,6,-4,-1,-4,9,3,22,12,93,87,91,94,99,98,90,84,109,100,113,102,115,88,81,73,114,111,227,208,196,192,191,189,178,5,101,0,0,0,0,0,0,0,40,40,30,31,37,39,39,35,37,22,859,859,838,823]} 1. c4 c6 2. e4 d5 3. exd5 cxd5 4. d4 Nf6 5. Nc3 g6 6. cxd5 Bg7 7. Bc4 O-O 8. Nge2 Nbd7 9. O-O {B14: Caro-Kann: Panov-Botvinnik Attack with 5...e6 and 5...g6.} ({Better is} 9. Nf4 $14) 9... Nb6 $11 ({Much worse is} 9... Qc7 10. Bb3 $16) 10. Bb3 Nbxd5 11. Nxd5 {The position is equal.} Nxd5 12. Nc3 {[#]} Nxc3 $146 ({Predecessor:} 12... Nb6 13. Be3 Bd7 14. d5 Rc8 15. Re1 Re8 16. Qf3 e6 17. dxe6 Bxe6 18. Rad1 Qe7 19. Bxe6 fxe6 20. Bxb6 axb6 {1-0 (28) Vaishali,R (2276)-Raga,J (1555) Bhayandar 2015}) 13. bxc3 Qc7 14. Qf3 e5 (14... Be6 $11 {keeps the balance.}) 15. Ba3 $16 Re8 {[#]} 16. Bd6 $1 {[%cal Rd6c7]} e4 {[#]} 17. Qxe4 $1 Rxe4 (17... Qd8 18. Qf4) 18. Bxc7 Re7 19. Bd6 Rd7 20. Bf4 b5 21. Rfe1 {Black must now prevent Re8+.} Bb7 22. Re2 h6 23. Rae1 Bd5 (23... Bf8 $16 {was necessary.} 24. Re8 g5) 24. Re8+ $18 Rxe8 25. Rxe8+ Kh7 26. Bxd5 Rxd5 {[%mdl 4096] Endgame KRB-KRB} 27. Be5 $2 (27. Rb8 $18) 27... f6 {[#]} (27... b4 $1 $11 28. cxb4 (28. c4 Ra5 $14) 28... f6) 28. Bc7 (28. Bf4 $1 $16) 28... b4 $1 $11 {[%cal Rb4c3]} 29. cxb4 {And now Rd8 would win.} Rxd4 {( -> ...Rd1+)} 30. g3 {b5 is the strong threat.} (30. Kf1 {with more complications.} Rxb4 31. Bd6 Ra4 32. a3 g5 33. Bc5) 30... Rxb4 31. Bd6 Rb7 32. Ra8 f5 33. Bc5 Rb5 34. Be3 a5 35. Ra7 {Strongly threatening Bd4.} Kg8 36. Bd2 Rb2 $2 {[%mdl 8192] [#]} (36... Bd4 $11 37. Rd7 (37. Rxa5 Rb2 $14) 37... Bg7) 37. Rxg7+ $1 $18 {[%mdl 576] Double Attack} Kf8 (37... Kh8 38. Bxh6) 38. Bxh6 {Weighted Error Value: White=0.22/Black=0.24} 1-0

[Event "Caplin British Online-ch Open 2020"]
[Site "Online"]
[Date "2020.12.23"]
[Round "3.14"]
[White "Arora, Tashika"]
[Black "Gordon, Sean"]
[Result "1/2-1/2"]
[WhiteElo "1744"]
[BlackElo "1716"]
[Annotator "NA RC"]
[PlyCount "75"]
[EventDate "2020.12.21"]
[EventType "swiss"]
[EventCountry "NET"]
[SourceTitle "playchess.com"]
[Source "ChessBase"]
[SourceQuality "1"]

1. d4 {[%emt 0:00:00]} d5 {[%emt 0:00:00]} 2. Nf3 {[%emt 0:00:00]} Nf6 {[%emt 0:00:00]} 3. c4 {[%emt 0:00:00]} c6 {[%emt 0:00:00]} 4. Nc3 {[%emt 0:00:00]} e6 {[%emt 0:00:00]} 5. e3 {[%emt 0:00:00]} Nbd7 {[%emt 0:00:00]} 6. Bd3 {[%emt 0:00:00]} dxc4 {[%emt 0:00:00]} 7. Bxc4 {[%emt 0:00:00]} b5 {[%emt 0:00:00]} 8. Bd3 {[%emt 0:00:00]} Bb7 {[%emt 0:00:00]} 9. O-O {[%emt 0:00:00]} a6 {[%emt 0:00:00]} 10. Bd2 {[%emt 0:00:00]} c5 {[%emt 0:00:00]} 11. Be2 {[%emt 0:00:00]} Be7 {[%emt 0:00:00]} 12. Rc1 {[%emt 0:00:00]} Rc8 {[%emt 0:00:00]} 13. dxc5 {[%emt 0:00:00]} Nxc5 {[%emt 0:00:00]} 14. Nd4 {[%emt 0:00:00]} e5 {[%emt 0:00:00]} 15. Nf5 {[%emt 0:00:00]} O-O {[%emt 0:00:00]} 16. Nxe7+ {[%emt 0:00:00]} Qxe7 {[%emt 0:00:00]} 17. f3 {[%emt 0:00:10]} e4 {[%emt 0:00:00]} 18. b4 {[%emt 0:02:54]} exf3 {[%emt 0:00:21]} 19. gxf3 {[%emt 0:00:23]} Ne6 {[%emt 0:01:10]} 20. Qb3 {[%emt 0:00:33]} Rfd8 {[%emt 0:00:35]} 21. Rcd1 {[%emt 0:00:26]} Ng5 {[%emt 0:03:17]} 22. e4 {[%emt 0:01:46]} Ne6 {[%emt 0:01:16]} 23. Be3 {[%emt 0:00:58]} Kh8 {[%emt 0:05:30]} 24. Kh1 {[%emt 0:03:35]} Qc7 {[%emt 0:08:52]} 25. Nd5 {[%emt 0:02:58]} Qe5 {[%emt 0:04:02]} 26. Nxf6 {[%emt 0:04:27]} Qxf6 {[%emt 0:00:58]} 27. Bb6 {[%emt 0:02:36]} Rxd1 {[%emt 0:01:18]} 28. Qxd1 {[%emt 0:01:18]} h6 {[%emt 0:01:16]} 29. Qd7 {[%emt 0:00:58]} Nf4 {[%emt 0:02:40]} 30. Qxb7 {[%emt 0:01:00]} Rc2 {[%emt 0:00:43]} 31. Bd4 {[%emt 0:04:25]} Qxd4 {[%emt 0:03:05]} 32. Qb8+ {[%emt 0:00:06]} Kh7 {[%emt 0:00:30]} 33. Qxf4 {[%emt 0:01:25]} Rxe2 {[%emt 0:00:58]} 34. Qf5+ {[%emt 0:01:32]} Kg8 {[%emt 0:02:11]} 35. Qc8+ {[%emt 0:00:04]} Kh7 {[%emt 0:00:03]} 36. Qf5+ {[%emt 0:00:01]} Kg8 {[%emt 0:00:34]} 37. Qc8+ {[%emt 0:00:30]} Kh7 {[%emt 0:00:09]} 38. Qf5+ {[%emt 0:08:05]} 1/2-1/2

[Event "Caplin British Online-ch Open 2020"]
[Site "Online"]
[Date "2020.12.23"]
[Round "3.15"]
[White "Volovich, Julia"]
[Black "Oh, Julie"]
[Result "1-0"]
[WhiteElo "1674"]
[BlackElo "1168"]
[Annotator "NA RC"]
[PlyCount "151"]
[EventDate "2020.12.21"]
[EventType "swiss"]
[EventCountry "NET"]
[SourceTitle "playchess.com"]
[Source "ChessBase"]
[SourceQuality "1"]

1. d4 {[%emt 0:00:00]} Nf6 {[%emt 0:00:00]} 2. c4 {[%emt 0:00:00]} e6 {[%emt 0:00:00]} 3. Nc3 {[%emt 0:00:00]} Bb4 {[%emt 0:00:00]} 4. Qc2 {[%emt 0:00:00]} c5 {[%emt 0:00:00]} 5. dxc5 {[%emt 0:00:00]} Bxc5 {[%emt 0:00:00]} 6. Nf3 {[%emt 0:00:00]} a6 {[%emt 0:00:00]} 7. Bg5 {[%emt 0:00:00]} O-O {[%emt 0:00:00]} 8. e3 {[%emt 0:00:00]} Nc6 {[%emt 0:01:06]} 9. Rd1 {[%emt 0:00:00]} Be7 {[%emt 0:07:44]} 10. a3 {[%emt 0:00:00]} Nh5 {[%emt 0:01:48]} 11. Bxe7 {[%emt 0:00:00]} Qxe7 {[%emt 0:00:45]} 12. Ne4 {[%emt 0:00:00]} Nf6 {[%emt 0:02:20]} 13. Nd6 {[%emt 0:01:22]} Ne8 {[%emt 0:01:17]} 14. c5 {[%emt 0:01:00]} Nxd6 {[%emt 0:00:30]} 15. cxd6 {[%emt 0:05:43]} Qf6 {[%emt 0:02:05]} 16. Bd3 {[%emt 0:01:17]} h6 {[%emt 0:01:30]} 17. Be4 {[%emt 0:02:09]} Qd8 {[%emt 0:02:34]} 18. Nd4 {[%emt 0:04:58]} f5 {[%emt 0:01:49]} 19. Bf3 {[%emt 0:01:01]} Qa5+ {[%emt 0:02:06]} 20. Qd2 {[%emt 0:03:12]} Qxd2+ {[%emt 0:00:46]} 21. Rxd2 {[%emt 0:00:05]} e5 {[%emt 0:01:56]} 22. Bd5+ {[%emt 0:02:00]} Kh8 {[%emt 0:01:15]} 23. Nf3 {[%emt 0:02:04]} Re8 {[%emt 0:01:35]} 24. O-O {[%emt 0:01:35]} e4 {[%emt 0:04:31]} 25. Nd4 {[%emt 0:01:53]} Nxd4 {[%emt 0:02:49]} 26. Rxd4 {[%emt 0:00:10]} a5 {[%emt 0:03:08]} 27. Rc1 {[%emt 0:02:42]} Ra6 {[%emt 0:01:01]} 28. Rdc4 {[%emt 0:01:34]} Ra8 {[%emt 0:03:26]} 29. Rc5 {[%emt 0:03:36]} Rf8 {[%emt 0:01:26]} 30. h3 {[%emt 0:03:54]} Kh7 {[%emt 0:01:25]} 31. Rc7 {[%emt 0:03:40]} Rb8 {[%emt 0:01:01]} 32. Bc4 {[%emt 0:05:01]} b5 {[%emt 0:01:09]} 33. Be2 {[%emt 0:00:17]} Rd8 {[%emt 0:00:59]} 34. R1c5 {[%emt 0:00:12]} Ba6 {[%emt 0:00:44]} 35. Rxf5 {[%emt 0:00:30]} Rb6 {[%emt 0:00:30]} 36. Rd5 {[%emt 0:00:27]} Kg6 {[%emt 0:00:13]} 37. Bg4 {[%emt 0:00:11]} Rb7 {[%emt 0:00:08]} 38. Bf5+ {[%emt 0:00:35]} Kf6 {[%emt 0:00:11]} 39. Bxe4 {[%emt 0:00:08]} Ke6 {[%emt 0:00:18]} 40. Rcc5 {[%emt 0:01:13]} Rdb8 {[%emt 0:00:23]} 41. Re5+ {[%emt 0:00:13]} Kxd6 {[%emt 0:00:22]} 42. Bxb7 {[%emt 0:00:02]} Rxb7 {[%emt 0:00:03]} 43. Rcd5+ {[%emt 0:00:13]} Kc6 {[%emt 0:00:07]} 44. Rd2 {[%emt 0:00:03]} Rb6 {[%emt 0:00:15]} 45. Re7 {[%emt 0:00:11]} Bc8 {[%emt 0:00:15]} 46. Rxg7 {[%emt 0:00:03]} Kb7 {[%emt 0:00:07]} 47. Rg4 {[%emt 0:00:14]} Rc6 {[%emt 0:00:09]} 48. Rgd4 {[%emt 0:00:05]} Rc1+ {[%emt 0:00:12]} 49. Kh2 {[%emt 0:00:03]} Rc6 {[%emt 0:00:08]} 50. Rd6 {[%emt 0:00:10]} Rxd6 {[%emt 0:00:07]} 51. Rxd6 {[%emt 0:00:02]} h5 {[%emt 0:00:03]} 52. Rd5 {[%emt 0:00:02]} Kc6 {[%emt 0:00:02]} 53. Rxh5 {[%emt 0:00:02]} Ba6 {[%emt 0:00:04]} 54. Rh6+ {[%emt 0:00:06]} d6 {[%emt 0:00:05]} 55. g4 {[%emt 0:00:06]} Kc5 {[%emt 0:00:43]} 56. g5 {[%emt 0:00:02]} b4 {[%emt 0:00:06]} 57. axb4+ {[%emt 0:00:03]} axb4 {[%emt 0:00:02]} 58. g6 {[%emt 0:00:03]} Bc4 {[%emt 0:00:13]} 59. g7 {[%emt 0:00:03]} Bf7 {[%emt 0:00:17]} 60. Rh8 {[%emt 0:00:03]} Kc4 {[%emt 0:00:12]} 61. g8=Q {[%emt 0:00:04]} Bxg8 {[%emt 0:00:01]} 62. Rxg8 {[%emt 0:00:01]} Kb3 {[%emt 0:00:04]} 63. Rb8 {[%emt 0:00:01]} Kxb2 {[%emt 0:00:03]} 64. Rxb4+ {[%emt 0:00:02]} Kc3 {[%emt 0:00:07]} 65. Rd4 {[%emt 0:00:01]} Kb3 {[%emt 0:00:11]} 66. h4 {[%emt 0:00:00]} d5 {[%emt 0:00:02]} 67. h5 {[%emt 0:00:01]} Kc3 {[%emt 0:00:02]} 68. h6 {[%emt 0:00:01]} Kb3 {[%emt 0:00:01]} 69. h7 {[%emt 0:00:01]} Kc3 {[%emt 0:00:01]} 70. h8=Q {[%emt 0:00:01]} Kb3 {[%emt 0:00:01]} 71. Qb8+ {[%emt 0:00:01]} Kc3 {[%emt 0:00:04]} 72. Qc7+ {[%emt 0:00:02]} Kb3 {[%emt 0:00:03]} 73. Qb6+ {[%emt 0:00:03]} Kc3 {[%emt 0:00:05]} 74. Qc5+ {[%emt 0:00:04]} Kb3 {[%emt 0:00:04]} 75. Rb4+ {[%emt 0:00:02]} Ka3 {[%emt 0:00:04]} 76. Qa5# {[%emt 0:00:01]} 1-0

[Event "Caplin British Online-ch Open 2020"]
[Site "Online"]
[Date "2020.12.23"]
[Round "3.16"]
[White "Rathbone-Jones, Ifan"]
[Black "Idle, Oscar"]
[Result "1/2-1/2"]
[WhiteElo "1941"]
[BlackElo "1722"]
[Annotator "TA"]
[PlyCount "107"]
[EventDate "2020.12.21"]
[EventType "swiss"]
[EventCountry "NET"]
[SourceTitle "playchess.com"]
[Source "ChessBase"]
[SourceQuality "1"]

{[%evp 10,107,29,0,-13,-15,-1,-3,7,0,7,3,0,0,19,-52,19,26,26,-23,-18,-18,12,10,25,-21,0,-51,0,0,37,29,39,21,26,28,60,44,56,19,28,27,62,-16,6,0,39,-28,-13,-16,-32,-19,0,-1,0,0,45,34,172,176,160,164,162,95,194,188,192,179,193,132,165,171,390,325,325,325,323,310,295,249,228,63,68,71,77,56,66,14,107,105,102,0,130,136,218,211,179,-22,-22,-8]} 1. d4 d5 2. Bf4 Nf6 3. Nf3 c5 4. e3 Nc6 5. c3 Qb6 6. Qc2 Nh5 {D02: 1 d4 d5 2 Nf3 sidelines, including 2...Nf6 3 g3 and 2...Nf6 3 Bf4.} 7. Bg3 cxd4 8. exd4 Nxg3 9. hxg3 {[#]} Bg4 $146 ({Predecessor:} 9... e6 10. Bd3 Bd7 11. Nbd2 Be7 12. O-O-O h6 13. Rh5 Nb4 14. cxb4 Rc8 15. Qxc8+ Bxc8 {0-1 (34) Pereyra,D (1692)-Overturf,S (1674) ICCF email 2016}) 10. Nbd2 g6 11. Bd3 Rc8 12. Ng5 (12. Qb3 $11) 12... Nb4 13. Qa4+ $11 {[%mdl 64] [#] Double Attack} Nc6 14. Rb1 h5 15. f4 Bh6 16. Ngf3 O-O 17. a3 Bg7 18. Nf1 (18. Qb3 $11) 18... Bd7 (18... e5 $15 19. fxe5 Rfe8) 19. Qd1 $1 Na5 20. Qe2 Nc4 21. Bxc4 dxc4 22. Ne3 Be6 23. Ng5 Bh6 24. Ne4 Qc6 25. Nc5 b6 26. Na6 (26. Nxe6 $14 Qxe6 27. O-O) 26... Qe4 27. O-O h4 28. Qf3 (28. Qf2 $14) 28... Qxf3 29. Rxf3 hxg3 30. Rbf1 Rfd8 31. Rxg3 Kh7 32. Nb4 a5 33. Nbc2 Bf5 (33... Rb8 $14) 34. Nxf5 $18 gxf5 35. Ne3 e6 {[#]} 36. Rh3 (36. Kf2 $1 $18) 36... Kg7 (36... Kg6 $16 {might work better.}) 37. g4 fxg4 38. Nxg4 Rh8 39. Rf2 (39. Kg2 $18) 39... f5 40. Ne5 {Hoping for Rg2+.} (40. Nxh6 $6 Rxh6 41. Rxh6 Kxh6 $14) 40... Rcg8 $2 (40... Kf6 41. Nd7+ Kf7) 41. Kf1 Kf6 42. Rfh2 ({Don't take} 42. Nxc4 $6 Bf8 $18) 42... Bg7 43. Rxh8 ({Much less strong is} 43. Nxc4 $6 Rxh3 44. Rxh3 Rb8 $18) 43... Bxh8 {[%mdl 4096] Endgame KRB-KRN} 44. Rh7 {[%csl Ge5][%cal Rh7f7]} Bg7 45. Nd7+ $2 (45. Nxc4 $18 Kg6 46. Rh1) 45... Kg6 $14 46. Rh2 b5 47. Nc5 Kf7 48. Nb7 ({Better is} 48. Re2 $14) 48... Rb8 (48... a4 $11) 49. Nxa5 $16 Rb6 50. b3 (50. Kf2 $16) 50... Ra6 (50... cxb3 $11 {keeps the balance.} 51. Nxb3 Ra6) 51. b4 Rb6 (51... Kf6 $16 {was called for.} 52. Kf2 Ra8) 52. a4 bxa4 53. Nxc4 $2 ({White should try} 53. Ra2 $18) 53... Rc6 $11 54. Ne5+ $1 {Weighted Error Value: White=0.37/Black=0.37} 1/2-1/2

[Event "Caplin British Online-ch Open 2020"]
[Site "Online"]
[Date "2020.12.23"]
[Round "3.17"]
[White "Finn, Chris"]
[Black "Stubbs, Oliver"]
[Result "1/2-1/2"]
[WhiteElo "1964"]
[BlackElo "1905"]
[Annotator "TA"]
[PlyCount "110"]
[EventDate "2020.12.21"]
[EventType "swiss"]
[EventCountry "NET"]
[SourceTitle "playchess.com"]
[Source "ChessBase"]
[SourceQuality "1"]

{[%evp 18,110,14,16,13,2,14,16,17,7,13,16,20,25,17,13,21,18,26,20,29,-70,-66,-88,-91,-76,-82,-126,-59,-91,-44,-30,-39,-45,-21,-29,-22,-43,-27,-81,-31,-153,-153,-175,-175,-170,-168,-159,-57,-122,-35,-62,-48,-62,-53,-79,-91,-92,-86,-65,-7,0,0,-63,-52,-116,-8,-14,-22,-118,-98,-76,0,-265,-260,-258,-13,-350,0,0,0,0,0,0,46,0,24,0,16,0,31,0,0,0,37]} 1. d4 Nf6 2. Nf3 g6 3. Bg5 Bg7 4. Nbd2 d5 5. e3 O-O 6. Bd3 b6 7. c3 Bb7 8. O-O c5 9. Ne5 {Recently 9.a4 got a lot of attention.} Nfd7 10. f4 f6 {[%cal Rd7e5] D03: 1 d4 d5 2 Nf3 Nf6 3 Bg5, including Torre Attack with early ...d5.} 11. Nxd7 Nxd7 (11... Qxd7 $5 12. Bh4 $8 e6 $11) 12. Bh4 {[#]} e6 $146 ({Predecessor:} 12... Qe8 13. f5 e5 14. Bb5 a6 15. Bxd7 Qxd7 16. Qf3 e4 17. Qf2 g5 18. Bg3 h5 {0-1 (56) Utkin,A (2368)-Klimov,S (2458) St Petersburg 2002}) 13. Qe2 Qc7 14. g4 e5 15. f5 e4 16. Bb5 a6 {[%cal Ba7a6,Ba6a5,Ba5a4][%mdl 32] [#]} 17. Bg3 $1 Qd8 (17... Qc8 18. Ba4) 18. Bxd7 Qxd7 19. Nb3 (19. dxc5 $11 bxc5 20. Nb3) 19... a5 $15 {Threatens to win with ...Ba6.} 20. Qg2 a4 21. Nc1 Ba6 22. Rf2 Rac8 (22... a3 $17 {aiming for ...cxd4.} 23. Rb1 Rfc8 24. dxc5 bxc5 25. bxa3 Bc4) 23. Ne2 Bxe2 (23... Bh6 {feels hotter.} 24. Nf4 cxd4 25. cxd4 gxf5 26. Qh3 Bxf4 27. Rxf4 Rc2) 24. Rxe2 gxf5 25. gxf5 cxd4 26. cxd4 Qxf5 27. Rf1 Qg6 (27... Qg4 {keeps more tension.} 28. Ref2 Kh8 29. Rf5 Rc1 30. Rxc1 Qxf5 31. Rc6 Bh6) 28. Bd6 (28. Qh3 $11) 28... Rfe8 (28... Rf7 {is more complex.} 29. Kh1 Qxg2+ 30. Rxg2 Rd7 31. Rfg1 h5) 29. Kh1 (29. Bg3 $1 $15) 29... Qxg2+ $1 $17 30. Rxg2 {Hoping for Rfg1.} Kf7 31. Rgf2 Ke6 32. Bf4 Rg8 (32... Rc6 $17 33. b3 a3) 33. Bh6 Rcf8 ({Don't play} 33... Bxh6 $6 34. Rxf6+ Kd7 35. Rxh6 $11) ({Black should play} 33... Bh8 $17 34. Bf4 b5) 34. Bxg7 Rxg7 $15 {[%mdl 4096] Endgame KRR-KRR} 35. Rc2 Rd7 36. Rc6+ Rd6 37. Rc7 Rf7 38. Rc8 Rb7 (38... f5 $15) 39. Rf8 $11 Rf7 40. Rc8 f5 41. Re8+ (41. Rf4 $1 $15) 41... Kf6 (41... Kd7 $1 $17 {[%cal Rd7e8]} 42. Ra8 Kc6 43. Rxa4 f4 44. exf4 Rdf6) 42. Re5 Kg6 43. Rg1+ (43. Kg2 $11) 43... Kh6 44. Rf1 Kg5 ({Black should try} 44... Rc6 $17 {White must now prevent ...Rc2.} 45. Rxd5 Rc2 46. Rd6+ Kh5 47. Rxb6 Re2) 45. Rg1+ $2 {[%mdl 8192] [#]} (45. Kg2 $11 {and White is okay.}) 45... Kh4 $1 $19 46. Rf1 Kg4 (46... h5 $19 {...Rc6 is the strong threat.} 47. Rg1 f4 48. exf4 Rxf4) 47. Rf4+ $2 {[%mdl 8192] [#]} (47. Kg2 $11 {and White stays safe.}) 47... Kg5 $2 (47... Kh3 $1 $19 48. Rexf5 Rxf5 49. Rxf5 h5) 48. h4+ $11 Kg6 49. Kh2 Rc6 50. Rf2 Rd6 51. Kh3 {[%mdl 1024] White has compensation.} h6 52. Rg2+ Kh5 53. Rf2 Kg6 54. Rg2+ Kh7 55. Rf2 Kg6 {Weighted Error Value: White=0.46/Black=0.36} 1/2-1/2

[Event "Caplin British Online-ch Open 2020"]
[Site "Online"]
[Date "2020.12.27"]
[Round "4.1"]
[White "Adams, Michael"]
[Black "Turner, Matthew J"]
[Result "1-0"]
[WhiteElo "2716"]
[BlackElo "2509"]
[Annotator "TA"]
[PlyCount "83"]
[EventDate "2020.12.21"]
[EventType "swiss"]
[EventCountry "NET"]
[SourceTitle "playchess.com"]
[Source "ChessBase"]
[SourceQuality "1"]

{[%evp 19,83,39,45,29,20,18,35,26,29,12,34,35,43,30,51,41,29,43,51,20,108,105,81,74,145,137,144,114,109,115,113,115,115,112,115,117,131,129,128,133,266,264,308,262,246,241,410,411,385,225,309,265,705,663,1373,2346,2641,2390,1094,2798,29976,29977,29975,29975,12835,12349]} 1. d4 d5 2. c4 c6 3. Nf3 Nf6 4. e3 g6 5. Nc3 Bg7 6. Be2 O-O 7. O-O dxc4 8. Bxc4 Bg4 9. h3 Bxf3 10. Qxf3 Nbd7 11. e4 {D94: Grünfeld: 4 Nf3 Bg7 5 e3.} Nb6 12. Qd3 Nxc4 13. Qxc4 {White is slightly better.} b5 14. Qxc6 {[#] Strongly threatening e5.} b4 $146 ({Predecessor:} 14... Qxd4 15. Be3 Qe5 16. f4 Qe6 17. Qxe6 fxe6 18. e5 Nd5 19. Nxd5 exd5 20. Bc5 Rf7 {½-½ (62) Shankland,S (2705)-Safarli,E (2593) Khanty-Mansiysk 2019}) 15. Ne2 Rc8 16. Qb7 Rc2 17. Qb5 Qa8 ({Don't play} 17... Nxe4 $6 18. Qd3 $16) 18. e5 Nd5 19. Nf4 Rd8 (19... e6 $11 {remains equal.}) 20. Nxd5 $16 Qxd5 21. Qxb4 (21. Qa4 {with more complications.} Rdc8 22. Be3 a5 23. Rfc1 Rxc1+ 24. Rxc1 Rxc1+ 25. Bxc1 Kf8 26. Be3) 21... e6 (21... Qxd4 $142 22. Qxe7 Bxe5) 22. Be3 Bf8 23. Qa4 Rxb2 24. Rfb1 $36 {[%mdl 2048] White is in control.} Rb7 25. Rxb7 Qxb7 26. Rc1 Be7 27. Rc6 Kg7 28. Qc4 {And now Rc7 would win.} Rd7 29. a4 {[%cal Ba2a4,Ba4a5,Ba5a6][%mdl 32]} h6 {[#]} (29... a5 $16 30. Rc8 h5) 30. a5 $1 $18 Bg5 31. a6 Qb1+ 32. Qc1 Qe4 (32... Qb4 {might work better.} 33. Qf1 (33. Bxg5 hxg5 34. Qxg5 Qe1+ 35. Kh2 Qxf2 $16) 33... Qa5) 33. Rd6 Bxe3 34. Qxe3 {[%mdl 4096] Endgame KQR-KQR} (34. fxe3 $142 Re7 35. Rd8) 34... Qb1+ 35. Kh2 Qb5 {[#]} (35... Re7 36. Rc6 Qb8) 36. Qf3 Rxd6 37. Qf6+ ({Stronger than} 37. exd6 Qxa6 38. Qf4 f6 $11) 37... Kg8 38. exd6 Qb6 39. Qe5 Qxa6 40. d7 Qb6 41. Qc5 Qb8+ 42. g3 {Weighted Error Value: White=0.08/Black=0.54} 1-0

[Event "Caplin British Online-ch Open 2020"]
[Site "Online"]
[Date "2020.12.27"]
[Round "4.2"]
[White "Wadsworth, Matthew J"]
[Black "Finn, Peter"]
[Result "0-1"]
[WhiteElo "2416"]
[BlackElo "1959"]
[Annotator "TA"]
[PlyCount "128"]
[EventDate "2020.12.21"]
[EventType "swiss"]
[EventCountry "NET"]
[SourceTitle "playchess.com"]
[Source "ChessBase"]
[SourceQuality "1"]

{[%evp 12,128,18,6,20,19,7,-33,-30,-31,-24,-20,-21,-26,-24,-68,-60,-75,-73,-87,-49,-42,-38,-42,-53,-63,-61,-69,-70,-105,-107,-107,-58,-86,-85,-83,-73,-90,-82,-97,-97,-95,-84,-88,-74,-95,-73,-129,-134,-133,-130,-162,-149,-151,-151,-170,-168,-174,-170,-161,-157,-160,-164,-182,-171,-176,-151,-159,-156,-167,0,-144,-93,-177,-179,-193,-183,-244,-244,-280,-286,-280,-266,-438,-429,-426,-434,-429,-332,-327,-233,-237,-243,-310,-288,-363,-359,-348,-220,-190,-68,-225,-225,-267,-251,-265,-226,-646,-628,-631,-626,-742,-726,-1204,-854,-5058,-739,-12841,-12840]} 1. c4 Nf6 2. g3 c6 3. Bg2 d5 4. Nf3 dxc4 5. O-O Nbd7 6. Na3 Nb6 7. Qc2 Be6 {A11: English Opening: 1...c6.} 8. Ng5 Bg4 {The main line 8...Bg4 scores better than 8...Qd7.} 9. f3 Bh5 {Black is slightly better.} 10. Nxc4 Nxc4 11. Qxc4 e5 12. d3 Be7 {[#]} 13. Qb3 $146 ({Predecessor:} 13. Ne4 Nd5 14. Nf2 f6 15. Kh1 Qb6 16. a3 Rd8 17. Qh4 Bg6 18. Nd1 f5 19. Bg5 Bxg5 20. Qxg5 {0-1 (47) McShane,L (2657)-Adams,M (2728) Germany 2011}) 13... Qb6+ 14. Qxb6 axb6 15. Nh3 O-O 16. Be3 Nd5 17. Bf2 b5 18. Rfc1 Rfd8 19. a3 f6 20. e4 Nc7 21. Bb6 Rd7 22. Nf2 {White wants to play Bh3.} Bf7 23. Bh3 Be6 24. Bxc7 Bxh3 25. Bb6 Be6 26. Kg2 Ra6 27. Be3 Bd8 28. Rab1 Ba5 29. b4 ({White should try} 29. g4) 29... Bc7 $17 30. Rc3 Rd8 31. Bc5 Rda8 32. Ra1 Bd7 33. Nd1 b6 34. Bf2 Bd6 $1 35. Rb3 c5 36. bxc5 bxc5 37. Ne3 b4 {[%cal Ra6a3]} 38. Nc4 Bf8 39. Be3 Be6 40. Bc1 {[#]} Bd7 $2 ({Better is} 40... Rd6 $1 $19 {[%mdl 512] Threatens to win with ...Rad8.} 41. Rab1 Rd7) 41. Ra2 (41. Be3 $11) 41... Ba4 (41... h5 $142 42. Kf2 Bb5) 42. Rbb2 (42. Rb1 $17 {might work better.}) 42... Bb5 $19 43. Rb3 {[#]} Rd8 $1 $36 {[%cal Rd8d3][%mdl 2048] Black is in control.} 44. Rf2 (44. Nb2 $142) 44... Ba4 45. Rb1 Rxd3 46. axb4 cxb4 47. Ra2 $2 (47. Nb2 Rb3 48. Ra1) 47... Bb5 48. Rxa6 Bxa6 49. Nd2 Bc8 50. Kf2 Be6 {aiming for ...Rc3.} 51. Ke2 Rd8 52. Bb2 Bd7 53. Ra1 Bb5+ 54. Ke1 g6 55. Ra5 Bh6 56. Bc1 $2 {Now White is beyond hope.} (56. Rxb5 $15 Bxd2+ 57. Ke2) 56... Be8 57. Ra6 Rc8 58. Ra1 Bf7 59. Rb1 $2 (59. Kd1) 59... Ba2 {Black is clearly winning.} 60. Ra1 Rc2 61. f4 exf4 62. Nf3 b3 63. Nd4 Rxh2 (63... fxg3 $142 64. hxg3 Rxc1+ 65. Rxc1 Bxc1 66. Nxb3 Bxb3 67. Kf1 Bc2 68. Kg1 Bxe4 69. Kf2 f5 70. Kf1 f4 71. gxf4 Bxf4 72. Kf2 h5 73. Kf1 h4 74. Kf2 h3 75. Ke2 h2 76. Kf2 h1=Q 77. Ke2 Qg2+ 78. Ke1 Bg3+ 79. Kd1 Qc2#) 64. Ne2 fxg3 {Weighted Error Value: White=0.68/Black=0.32} 0-1